LEADER 01098nam0 2200289 450 001 000023295 005 20090219142435.0 010 $a88-131-6083-6 100 $a20090219d1987----km-y0itay50------ba 101 0 $aita 102 $aIT 105 $ay-------101zy 200 1 $a<>imposta patrimoniale$fA. Franchini ... [et al.]$ga cura di Gilberto Muraro 210 $aPadova$cCedam$d1987 215 $a240 p.$d24 cm 225 2 $a<>convegni Delta Erre 300 $aAtti del Convegno su "L'ipotesi di imposta patrimoniale" svoltosi a Ca' Foscari il 1 marzo 1985, in collaborazione con il Laboratorio di Scienza delle Finanze e Diritto Finanziario dell'Università di Venezia. 410 0$12001$a<>convegni Delta Erre 610 1 $aImposta sul patrimonio$aCongressi$a1985 676 $a343.45054$9Imposte patrimoniali. Italia 702 1$aMuraro,$bGilberto$4070 702 1$aFranchini,$bAlessandro$4070 801 0$aIT$bUNIPARTHENOPE$c20090219$gRICA$2UNIMARC 912 $a000023295 951 $a324/62$b6243$cNAVA2 996 $aImposta patrimoniale$9663539 997 $aUNIPARTHENOPE